00692nam a2200241 a 4500001001300000003000900013005001700022008004100039020001000080082001700090100002200107245003500129260003600164300000900200500003500209505001000244650002600254700002200280902000800302942000700310952011800317999001500435nice12345678IN_TiNIC20260116012811.0050524s1985 dela grp 000 0 eng  ac11000a954.166bCHA aChatterjee, Suhas aMizoram Under the British Rule aDelhibMittal Publicationc1985 a225p aincludes index and biblioraphy2 aIndex aBritish-India Mizoram1 aChatterjee, Suhas bSRS cBK 001040708StackRoom-aHMIbHMId2007-04-10g110.00l0o954.166 CHAp012190r2007-04-10v110.00w2005-05-24yBK c8426d8426